Quizzes
Events
Quiz Creation
Community
Videos
Private Events
Remove Ads
Sign In
Join for FREE
Feedback
Dark Mode
Quiz Categories
Sports
Geography
Music
Movies
Television
Just For Fun
Miscellaneous
History
Literature
Language
Science
Gaming
Entertainment
Religion
Holiday
For Kids
Quiz Lab
Recent
Popular Today
Quiz Kudos Today
Editor Picks
Curator Picks
Quizzes by...
Day
Popularity
Type
Ratings
Length
Year
Community
Subscriptions
Recent Discussions
Orange Saloon
Badges
Playlists
Quests
Create
Leaderboards
Showdown
Live 5
Trivia Bingo
Activity
Puzzle Library
Sporcle Events
Private Events
Virtual Trivia
Globe League
Become a Host
Pub Owners
SporcleCon
Opinionation
Our Games
Videos
Blog
Mobile Apps
Partnerships
Remove Ads and Go Orange
Feedback
Music
Pop Music
The Beatles
Song
Album
Lyrics
Bands
Singers
Artist
Clip
Rock
Rap
Classical
Billboard
Country Music
Kpop
Taylor Swift
Music
Pop Music
The Beatles
Song
Album
Lyrics
Bands
Singers
Artist
Clip
Rock
Rap
Classical
Billboard
Country Music
Kpop
Taylor Swift
Random Quiz
Search Sporcle
×
Quiz Lab
Quiz Lab
Music
Song
Type in answers that appear in a list
Type in answers that appear in a list
Classic
Best Score? Go Orange.
Name the Lyrics to this Aerosmith song 2 Stats
Can you name the lyrics to this Aerosmith song 2?
By
christinaxcsi
7m
196 Questions
771 Plays
771 Plays
771 Plays
Comments
Comments
Give Quiz Kudos
Give Quiz Kudos
-
- Ratings
hide this ad
More Info
Replay
Link that replays current quiz
Next Quiz
Link to next quiz in quiz playlist
You Got
0%
They Got
Avg Score
48%
Avg Friend Score
Upgrade to see
Score Distribution
Jump to the score distribution portion of the page
Score
0/196
Timer
07:00
0
Plays Today
Lyrics
% Correct
a
96%
the
96%
the
96%
the
96%
a
96%
the
96%
a
85.5%
a
85.5%
a
85.5%
a
84%
a
83.9%
a
83.9%
a
78.1%
a
78.1%
the
77.2%
you
76.3%
in
76.3%
you
76.1%
you
76.1%
a
75.7%
I
75.1%
the
73.4%
a
73.3%
love
72.2%
like
71.7%
a
71.7%
like
71.7%
me
70.3%
me
70.3%
do
70%
do
70%
dude
67.7%
dude
67.7%
dude
67.7%
lady
67.4%
lady
67.4%
me
66.7%
me
66.7%
me
66.7%
me
66.5%
it
65%
you
64.6%
on
63.6%
on
63.6%
so
63.4%
me
62.4%
you
61.9%
she
61.2%
like
61.2%
like
61.2%
it
61.2%
you
60.6%
do
60.4%
she
59.9%
like
59.9%
like
59.9%
like
59.7%
like
59.7%
do
59.5%
like
59.3%
it
58%
love
57.3%
lady
56.9%
lady
56.9%
lady
56.9%
she
56.7%
Lyrics
% Correct
she
56%
looks
55.9%
looks
55.9%
me
55.9%
me
55.9%
me
55.5%
looks
55.4%
looks
55.4%
looks
55.4%
dude
55.4%
dude
55.4%
dude
55.4%
to
55.3%
love
55.1%
lady
55.1%
like
55%
her
54.7%
me
54%
he
53.4%
me
53.4%
her
52.8%
to
51.9%
that
51.9%
had
51.5%
do
50.8%
my
50.6%
me
50.3%
me
50.3%
do
50.1%
looks
49%
her
48.9%
all
48.9%
who
48.1%
what
46.2%
its
46%
lady
46%
of
45.8%
its
45.7%
baby
44.6%
baby
44.6%
baby
44.6%
baby
44.6%
surprise
44.4%
by
44.2%
down
43.6%
all
42.9%
at
42.4%
of
41.9%
lady
41.4%
away
41.1%
but
39.8%
if
39.8%
know
39.7%
your
39.7%
cover
39.3%
youre
38.9%
time
37.6%
back
37.2%
lover
37.1%
follow
37.1%
was
36.8%
blow
36.2%
line
36.1%
shore
35.5%
were
34.9%
first
34.6%
Lyrics
% Correct
door
34.5%
right
34.5%
right
34.5%
picture
34.2%
baby
34%
out
34%
seem
33.6%
bar
33.2%
tried
33.1%
take
32.9%
long
32.8%
by
32.3%
gun
31.6%
down
31.6%
down
31.6%
or
31.5%
gonna
31.5%
funky
31.4%
wise
31.3%
our
31%
imagine
30.9%
lost
30.6%
say
30.6%
then
30.5%
wrong
30.4%
forgive
29.3%
never
28.8%
cheek
28.8%
lord
28.5%
put
28.3%
peek
28.3%
whipped
28.1%
somebody
27.9%
maybe
27.8%
bite
27.5%
thats
27.5%
having
27.2%
judge
27%
lives
26.3%
book
25.6%
grime
25.4%
follow
25.2%
follow
25.2%
follow
25.2%
into
24.9%
stage
24.5%
until
24.5%
graced
23.7%
venus
23.1%
night
22.6%
let
22%
let
22%
let
22%
let
22%
body
21.7%
let
21%
other
20.9%
disguise
20.1%
down
18.5%
dear
18%
dear
18%
cruised
16.5%
turn
16.2%
sue
5.2%
Quiz Playlist
Details
Report
Send in Message
Add To Playlist
More Info:
The lyrics were taken word for word from the book thing inside the CD case.
Classic:
Type in answers that appear in a list
Last Updated: Feb 16, 2017
Quiz Scoreboard
CHALLENGE
Sign Up to Join the Scoreboard
Show All
Scores
Hide
Comments
May contain spoilers
Recently Published
Billboard Blitz: Fleetwood Mac
by CooCooCachoo
Music
15s
Presidents Visiting Landmarks
by Hejman
History
7m
An Introduction to Baseball
by treessimontrees
Sports
5m
More to Explore
Quiz From the Vault
Featured Blog Post
Where Did the Easter Bunny Come From?
hide this ad
You Might Also Like...
Tags
Song Quiz
Aerosmith
Today's Top Quizzes in Music
Browse Music
hide this ad
Today's Top Quizzes in Song
Browse Song
Top Contributed Quizzes in Music
1
Taylor Swift All Songs (2024)
2
Guess the Artist- 70s Songs
3
7-to-1: Billboard Hot 100 #1 Hits of 2010s
4
Sorting Albums and Songs
5
Taylor Swift Logic Puzzle
6
KPOP LOGIC QUIZ
7
2010s Album by Cover III
8
One Thing in Common: Music
9
Guess the Taylor Swift song (Mystery Song)
10
Guess The Taylor Swift Lyrics Song #1
Explore More
Trending Topics
Kpop
Anime
Harry Potter
Marvel
NBA
Disney
Crossword
Soccer
NFL
Puzzle
Country
Pokémon
The Office
Song
WWE
hide this ad
More By:
christinaxcsi
Quiz
Plays
Rating
Category
Featured
Created
Missing Word: Aerosmith
36,060
4.04
Just For Fun
Jan 31, 2011
Pirates of the Caribbean Quotes
1,447
3.50
Movies
Mar 5, 2011
Name the Aerosmith song by lyric
888
3.33
Music
Mar 5, 2011
Name the Lyrics to this Aerosmith song 2
771
4.25
Music
Feb 3, 2011
Fill In The Blank: Selena Gomez songs
665
5.00
Music
Aug 10, 2011
Go to Creator's Profile
Score Distribution
Quiz Creator Spotlight
christinaxcsi
Follow
Send a Message
Quizzes Created
-
Created Quiz Play Count
-
More By This Creator
Popular Quizzes Today
1
Find the US States - No Outlines Minefield
2
Find the Countries of Europe - No Outlines Minefield
3
The Countries of the World
4
Find the US States
5
US States
6
Risky Map Clicking: Biggest States A-Z
7
Popular People in 1961
8
Movies - When Are They Set?
More Music Quizzes
Songs By Opening Line/s
Quiz Lab
Trending Quizzes
Risky Map Clicking: Least Populous States A-Z
1-10 Letter G Words
1-10 Letter F Words
Risky Map Clicking: Next State Alphabetically
Risky Map Clicking: Biggest States A-Z
Recently Updated
Leaping Animals
pecheneg
Reality TV Shows (A-Z)
bhenderson79
Rickey Henderson's Hall of Fame Teammates
pecheneg
Champions League XIs: Arsenal
pecheneg
Quick Pick: Celebrities in WWE's Hall of Fame
aduchscher
A-Z Keypad Blitz II
pecheneg
Multiple Oscar Actors
pecheneg
Mystery Phrase Blitz: Oscar 'Best Actors'
pecheneg
F. Scott Fitzgerald Novels
LTH
Pick 3 Villains
ddd62291
Trending Topics
Harry Potter
Anime
Kpop
Crossword
NBA
Marvel
Disney
The Office
WWE
Pokémon
Soccer
NFL
Song
Puzzle
Country
Your Account Isn't Verified!
In order to create a playlist on Sporcle, you need to verify the email address you used during registration. Go to your
Sporcle Settings
to finish the process.
Report this User
Report this user for behavior that violates our
Community Guidelines
.
Details:
Send Report
Go to the Sporcle.com Mobile Site →
Comments